ბათუმის შოთა რუსთაველის სახელმწიფო უნივერსიტეტის ბიბლიოთეკა

საქართველოს განვითარების ეკონომიკური პოლიტიკის პრიორიტეტული მიმართულებები (ბიბ.ჩანაწერი № 51526)

000 -LEADER
fixed length control field 01165nam a2200265Ia 4500
001 - CONTROL NUMBER
control field 18515
003 - CONTROL NUMBER IDENTIFIER
control field GE_BSU
008 - FIXED-LENGTH DATA ELEMENTS--GENERAL INFORMATION
fixed length control field 181216s||||||||xx |||||||||||||| ||und||
020 ## - INTERNATIONAL STANDARD BOOK NUMBER
International Standard Book Number 9789941227172
040 ## - CATALOGING SOURCE
Transcribing agency GE_BSU
080 ## - UNIVERSAL DECIMAL CLASSIFICATION NUMBER
Universal Decimal Classification number 330.34(479.22)
100 ## - MAIN ENTRY--PERSONAL NAME
Personal name ერქომაიშვილი,გულნაზ
245 ## - TITLE STATEMENT
Title საქართველოს განვითარების ეკონომიკური პოლიტიკის პრიორიტეტული მიმართულებები
245 ## - TITLE STATEMENT
Statement of responsibility, etc. რედ. რევაზ გველესიანი
260 ## - PUBLICATION, DISTRIBUTION, ETC.
Place of publication, distribution, etc. თბილისი
260 ## - PUBLICATION, DISTRIBUTION, ETC.
Name of publisher, distributor, etc. უნივერსალი
260 ## - PUBLICATION, DISTRIBUTION, ETC.
Date of publication, distribution, etc. 2016
300 ## - PHYSICAL DESCRIPTION
Extent 147გვ. ; 20სმ
300 ## - PHYSICAL DESCRIPTION
Accompanying material ბიბლ.გვ.134-140
520 ## - SUMMARY, ETC.
Summary, etc. პარ.სათ. ინგლ.ენ.
653 ## - INDEX TERM--UNCONTROLLED
Uncontrolled term ეკონომიკა
653 ## - INDEX TERM--UNCONTROLLED
Uncontrolled term საქართველოს განვითარების ეკონომიკური პოლიტიკის პრიორიტეტული მიმართულებები
942 ## - ADDED ENTRY ELEMENTS (KOHA)
Koha item type წიგნი
ეგზემპლარები
Withdrawn status Lost status Damaged status Not for loan Date acquired Barcode Date last seen Price effective from Koha item type
        2018-12-17 47763 2018-12-17 2018-12-17 წიგნი
        2018-12-17 47764 2018-12-17 2018-12-17 წიგნი
        2018-12-17 47765 2018-12-17 2018-12-17 წიგნი
        2018-12-17 47766 2018-12-17 2018-12-17 წიგნი
        2018-12-17 47767 2018-12-17 2018-12-17 წიგნი
        2018-12-17 47768 2018-12-17 2018-12-17 წიგნი
        2018-12-17 47769 2018-12-17 2018-12-17 წიგნი
        2018-12-17 47770 2018-12-17 2018-12-17 წიგნი
        2018-12-17 47771 2018-12-17 2018-12-17 წიგნი
        2018-12-17 47772 2018-12-17 2018-12-17 წიგნი
        2018-12-17 47773 2018-12-17 2018-12-17 წიგნი
        2018-12-17 47774 2018-12-17 2018-12-17 წიგნი
        2018-12-17 47775 2018-12-17 2018-12-17 წიგნი
        2018-12-17 47776 2018-12-17 2018-12-17 წიგნი
        2018-12-17 47777 2018-12-17 2018-12-17 წიგნი
        2018-12-17 47778 2018-12-17 2018-12-17 წიგნი
        2018-12-17 47779 2018-12-17 2018-12-17 წიგნი
        2018-12-17 47780 2018-12-17 2018-12-17 წიგნი
        2018-12-17 47781 2018-12-17 2018-12-17 წიგნი
        2018-12-17 47782 2018-12-17 2018-12-17 წიგნი